| 000 | 01908cam a2200313 i 4500 | ||
|---|---|---|---|
| 001 | 880541320 | ||
| 003 | OSt | ||
| 005 | 20180923144739.0 | ||
| 008 | 140517s2016 nyua b 001 0 eng | ||
| 010 | _a2014019402 | ||
| 020 |
_a9780077837280 _q(alk. paper) |
||
| 020 |
_a0077837282 _q(alk. paper) |
||
| 020 | _a9781259254550 | ||
| 020 | _a1259254550 | ||
| 040 |
_aDLC _beng _erda _cDLC _dOCLCF _dSINIE _dCDX _dOCLCO _dCOO _dYDXCP _dOCLCQ _dCDN |
||
| 042 | _apcc | ||
| 050 | 4 |
_aQH541 _b.M553 2016 |
|
| 050 | 0 | 0 |
_aQH541 _b.M553 2016 |
| 050 | 4 |
_aQH541 _b.M553 2016 |
|
| 082 | 0 | 0 |
_a577 _223 _bMME |
| 100 | 1 |
_aMolles, Manuel C., _cJr., _d1948- _965037 |
|
| 245 | 1 | 0 |
_aEcology : _bconcepts and applications / _cManuel C. Molles, Jr., University of New Mexico |
| 250 | _aSeventh edition | ||
| 300 |
_axxiii, 567 pages : _bcolor illustrations ; _c28 cm |
||
| 504 | _aIncludes bibliographical references (pages 543-553) and index | ||
| 505 | 0 | _aIntroduction to ecology : historical foundations and developing frontiers -- Section I: Natural history and evolution. Life on land ; Life in water ; Population genetics and natural selection -- Section II: Adaptations to the environment. Temperature relations ; Water relations ; Energy and nutrient relations ; Social relations -- Section III: Population ecology. Population distribution and abundance ; Population dynamics ; Population growth ; Life histories -- Section IV: Interactions. Competition ; Exploitative interactions : predation, herbivory, parasitism, and disease ; Mutualism -- Section V: Communities and ecosystems. Species abundance and diversity ; Species interactions and community structure ; Primary and secondary production ; Nutrient cycling and retention ; Succession and stability ; Large-scale ecology ; Landscape ecology ; Geographic ecology ; Global ecology -- Appendix: Statistical tables | |
| 650 | 0 |
_aEcology _965038 |
|
| 942 |
_2ddc _cBOOK |
||
| 999 |
_c75149 _d312426 |
||